000 00549nam a2200181Ia 4500
008 090630s9999 xx 000 0 und d
082 _b13304
100 _aहुसळे देवदत्त.
245 _aजंफड.
_cहुसळे देवदत्त.
260 _bवसुंधरा.
_c1994
300 _a128
600 _aहुसळे देवदत्त.
630 _aजंफड.
655 _aलघुकथा.
700 _aहुसळे देवदत्त.
730 _aजंफड.
942 _cBOOK
999 _c265160
_d265160